[Event "II Open Internacional Blitz Quart de Pob"]
[Site "Quart de Poblet, Spain"]
[Date "2019.08.10"]
[Round "5.4"]
[White "Cortes Marti, Javier"]
[Black "Toledano Llinares, Juan A"]
[Result "0-1"]
[WhiteElo "2011"]
[BlackElo "2249"]
[PlyCount "58"]
[EventDate "2019.??.??"]

1. d4 {[%clk 00:07:04]  [%emt 00:00:33]} 1... d6 {[%clk 00:07:05]} 2. c4 {
[%clk 00:07:06]} 2... e5 {[%clk 00:07:04]  [%emt 00:00:05]} 3. d5 {
[%clk 00:07:05]} 3... f5 {[%clk 00:07:05]} 4. Nc3 {[%clk 00:07:07]} 4... Nf6 {
[%clk 00:07:07]} 5. Bg5 {[%clk 00:07:01]} 5... Be7 {[%clk 00:07:06]} 6. Qc2 {
[%clk 00:06:52]  [%emt 00:00:07]} 6... Nxd5 {[%clk 00:06:59]  [%emt 00:00:14]}
7. Nxd5 {[%clk 00:06:49]  [%emt 00:00:06]} 7... Bxg5 {[%clk 00:07:00]} 8. Nf3 {
[%clk 00:06:46]  [%emt 00:00:04]} 8... Bf6 {[%clk 00:06:56]  [%emt 00:00:06]}
9. e4 {[%clk 00:06:48]  [%emt 00:00:03]} 9... O-O {
[%clk 00:06:33]  [%emt 00:00:24]} 10. Bd3 {[%clk 00:06:44]  [%emt 00:00:09]}
10... f4 {[%clk 00:06:33]  [%emt 00:00:07]} 11. O-O-O {
[%clk 00:06:40]  [%emt 00:00:04]} 11... Nc6 {[%clk 00:06:32]  [%emt 00:00:04]}
12. a3 {[%clk 00:06:41]  [%emt 00:00:04]} 12... Bg4 {
[%clk 00:06:18]  [%emt 00:00:11]} 13. Be2 {[%clk 00:06:41]  [%emt 00:00:12]}
13... Bxf3 {[%clk 00:06:16]} 14. Bxf3 {[%clk 00:06:40]  [%emt 00:00:03]} 14...
Nd4 {[%clk 00:06:17]} 15. Qd3 {[%clk 00:06:42]  [%emt 00:00:10]} 15... c6 {
[%clk 00:06:19]} 16. Nxf6+ {[%clk 00:06:22]  [%emt 00:00:21]} 16... Qxf6 {
[%clk 00:06:21]} 17. Rdf1 {[%clk 00:06:19]  [%emt 00:00:03]} 17... b5 {
[%clk 00:06:22]} 18. Bd1 {[%clk 00:06:06]  [%emt 00:00:14]} 18... Rab8 {
[%clk 00:06:20]  [%emt 00:00:09]} 19. f3 {[%clk 00:06:03]  [%emt 00:00:11]}
19... b4 {[%clk 00:06:19]} 20. a4 {[%clk 00:05:59]  [%emt 00:00:04]} 20... b3 {
[%clk 00:06:21]} 21. g3 {[%clk 00:05:43]  [%emt 00:00:26]} 21... Rb4 {
[%clk 00:06:22]} 22. gxf4 {[%clk 00:05:43]} 22... Qxf4+ {[%clk 00:06:24]} 23.
Kb1 {[%clk 00:05:40]  [%emt 00:00:08]} 23... Rfb8 {
[%clk 00:06:26]  [%emt 00:00:03]} 24. Rfg1 {[%clk 00:05:15]  [%emt 00:00:23]}
24... Rxa4 {[%emt 00:00:39]} 25. Rg4 {[%clk 00:05:14]} 25... Qh6 {
[%clk 00:06:19]} 26. Rhg1 {[%clk 00:04:54]  [%emt 00:00:08]} 26... g6 {
[%clk 00:06:21]} 27. f4 {[%clk 00:04:56]} 27... Rb6 {[%clk 00:06:24]} 28. h4 {
[%clk 00:03:57]  [%emt 00:00:58]} 28... Rba6 {[%clk 00:06:25]  [%emt 00:00:06]}
29. Bxb3 {[%clk 00:03:57]  [%emt 00:00:07]} 29... Ra1# {[%clk 00:06:26]} 0-1

[Event "II Open Internacional Blitz Quart de Pob"]
[Site "Quart de Poblet, Spain"]
[Date "2019.08.10"]
[Round "5.5"]
[White "Nieto Tornero, Jose"]
[Black "Galvan, Jesus"]
[Result "1-0"]
[WhiteElo "1932"]
[BlackElo "2200"]
[PlyCount "157"]
[EventDate "2019.??.??"]

1. e4 {[%clk 00:07:02]  [%emt 00:00:03]} 1... c5 {[%clk 00:07:06]} 2. Nf3 {
[%clk 00:07:03]  [%emt 00:00:06]} 2... Nf6 {[%clk 00:07:08]  [%emt 00:00:04]}
3. Nc3 {[%clk 00:07:05]} 3... Nc6 {[%clk 00:07:10]} 4. d4 {[%clk 00:07:06]}
4... d5 {[%clk 00:07:12]} 5. exd5 {[%clk 00:07:03]  [%emt 00:00:06]} 5... Nxd5
{[%clk 00:07:14]} 6. Nxd5 {[%clk 00:07:01]  [%emt 00:00:05]} 6... Qxd5 {
[%clk 00:07:16]  [%emt 00:00:04]} 7. dxc5 {[%clk 00:07:02]} 7... Qxc5 {
[%clk 00:07:18]  [%emt 00:00:04]} 8. Be2 {[%clk 00:06:58]  [%emt 00:00:08]}
8... Bf5 {[%clk 00:07:14]  [%emt 00:00:03]} 9. c3 {
[%clk 00:06:54]  [%emt 00:00:04]} 9... e6 {[%clk 00:07:15]  [%emt 00:00:34]}
10. O-O {[%clk 00:06:55]} 10... Be7 {[%clk 00:07:13]} 11. Be3 {
[%clk 00:06:57]  [%emt 00:00:04]} 11... Qa5 {[%clk 00:07:15]} 12. Qb3 {
[%clk 00:06:57]} 12... Qc7 {[%clk 00:07:14]} 13. Nd4 {[%clk 00:06:53]} 13...
Nxd4 {[%clk 00:07:15]} 14. Bxd4 {[%clk 00:06:55]} 14... O-O {
[%clk 00:07:16]  [%emt 00:00:04]} 15. Bf3 {[%clk 00:06:55]} 15... e5 {
[%clk 00:07:06]  [%emt 00:00:05]} 16. Be3 {[%clk 00:06:48]  [%emt 00:00:11]}
16... e4 {[%clk 00:07:08]} 17. Be2 {[%clk 00:06:50]  [%emt 00:00:03]} 17... Bd6
{[%clk 00:06:48]  [%emt 00:00:20]} 18. g3 {[%clk 00:06:28]  [%emt 00:00:25]}
18... Be6 {[%clk 00:06:48]  [%emt 00:00:08]} 19. Qc2 {
[%clk 00:06:14]  [%emt 00:00:34]} 19... f5 {[%clk 00:06:50]  [%emt 00:00:03]}
20. Bd4 {[%clk 00:05:27]  [%emt 00:00:26]} 20... Rae8 {
[%clk 00:05:51]  [%emt 00:01:02]} 21. Bb5 {[%clk 00:04:49]  [%emt 00:00:45]}
21... Re7 {[%clk 00:05:47]  [%emt 00:00:07]} 22. Ba4 {
[%clk 00:04:45]  [%emt 00:00:04]} 22... Kh8 {[%clk 00:05:47]  [%emt 00:00:34]}
23. Bb3 {[%clk 00:04:45]} 23... Bd7 {[%clk 00:05:45]} 24. Bd5 {
[%clk 00:03:47]  [%emt 00:00:36]} 24... Rfe8 {[%clk 00:04:34]  [%emt 00:01:18]}
25. Rae1 {[%clk 00:02:43]  [%emt 00:01:04]} 25... Bc6 {
[%clk 00:02:46]  [%emt 00:01:51]} 26. Bxc6 {[%clk 00:02:17]  [%emt 00:00:34]}
26... Qxc6 {[%clk 00:02:48]} 27. Be3 {[%clk 00:01:45]  [%emt 00:00:32]} 27...
h6 {[%clk 00:02:21]  [%emt 00:00:39]} 28. h4 {[%clk 00:01:09]  [%emt 00:00:29]}
28... f4 {[%clk 00:02:12]  [%emt 00:00:18]} 29. gxf4 {
[%clk 00:01:05]  [%emt 00:00:14]} 29... Rf7 {[%clk 00:01:46]  [%emt 00:00:30]}
30. Qd2 {[%clk 00:00:46]  [%emt 00:00:09]} 30... Be7 {
[%clk 00:01:37]  [%emt 00:00:15]} 31. Kg2 {[%clk 00:00:44]  [%emt 00:00:03]}
31... Qg6+ {[%clk 00:01:37]  [%emt 00:00:03]} 32. Kh2 {
[%clk 00:00:41]  [%emt 00:00:05]} 32... Qg4 {[%clk 00:01:33]  [%emt 00:00:09]}
33. Rh1 {[%clk 00:00:36]  [%emt 00:00:10]} 33... Bxh4 {
[%clk 00:01:19]  [%emt 00:00:25]} 34. Reg1 {[%clk 00:00:33]} 34... Qf5 {
[%clk 00:01:12]  [%emt 00:00:12]} 35. Qe2 {[%clk 00:00:32]} 35... Re6 {
[%clk 00:01:06]  [%emt 00:00:10]} 36. Qg4 {[%clk 00:00:33]  [%emt 00:00:03]}
36... Qxg4 {[%clk 00:01:01]  [%emt 00:00:03]} 37. Rxg4 {
[%clk 00:00:35]  [%emt 00:00:03]} 37... Bf6 {[%clk 00:01:03]} 38. Bxa7 {
[%clk 00:00:35]  [%emt 00:00:04]} 38... Rd7 {[%clk 00:01:01]  [%emt 00:00:03]}
39. Be3 {[%clk 00:00:37]  [%emt 00:00:04]} 39... b5 {[%clk 00:01:03]} 40. a3 {
[%clk 00:00:38]  [%emt 00:00:16]} 40... Red6 {[%clk 00:01:02]} 41. f5 {
[%clk 00:00:35]} 41... Be5+ {[%clk 00:00:56]  [%emt 00:00:04]} 42. Kg2 {
[%clk 00:00:37]  [%emt 00:00:03]} 42... Rf6 {[%clk 00:00:57]} 43. Rxe4 {
[%emt 00:00:04]} 43... Rxf5 44. Rhh4 {[%clk 00:00:34]  [%emt 00:00:08]} 44...
Kh7 {[%clk 00:00:57]  [%emt 00:00:03]} 45. Rb4 {[%clk 00:00:35]} 45... Bf6 {
[%clk 00:00:59]  [%emt 00:00:04]} 46. Rhf4 {[%clk 00:00:36]} 46... Rg5+ {
[%clk 00:00:57]  [%emt 00:00:07]} 47. Kf3 {[%clk 00:00:39]} 47... Rh5 {
[%clk 00:00:58]} 48. Bd4 {[%clk 00:00:32]  [%emt 00:00:13]} 48... Bg5 {
[%clk 00:00:50]  [%emt 00:00:05]} 49. Rf5 {[%clk 00:00:31]  [%emt 00:00:11]}
49... Rh3+ {[%clk 00:00:47]  [%emt 00:00:07]} 50. Ke2 {
[%clk 00:00:30]  [%emt 00:00:03]} 50... Re7+ {[%clk 00:00:45]  [%emt 00:00:04]}
51. Re5 {[%clk 00:00:33]} 51... Rf7 {[%clk 00:00:30]  [%emt 00:00:16]} 52.
Rbxb5 {[%emt 00:00:09]} 52... Rh1 {[%clk 00:00:25]  [%emt 00:00:12]} 53. Rf5 {
[%clk 00:00:31]  [%emt 00:00:03]} 53... Re7+ {[%clk 00:00:26]} 54. Rbe5 {
[%clk 00:00:33]} 54... Rd7 {[%clk 00:00:21]  [%emt 00:00:04]} 55. a4 {
[%clk 00:00:33]  [%emt 00:00:03]} 55... Bf6 {[%clk 00:00:11]  [%emt 00:00:08]}
56. Re4 {[%clk 00:00:35]  [%emt 00:00:31]} 56... Kg6 {[%clk 00:00:13]} 57. Rb5
{[%clk 00:00:32]  [%emt 00:00:03]} 57... Bg5 {[%clk 00:00:14]} 58. a5 {
[%clk 00:00:30]} 58... Ra1 {[%clk 00:00:16]} 59. Rb6+ {[%clk 00:00:32]} 59...
Kh7 {[%clk 00:00:12]} 60. a6 {[%clk 00:00:32]  [%emt 00:00:04]} 60... h5 {
[%clk 00:00:12]} 61. Re5 {[%clk 00:00:24]  [%emt 00:00:20]} 61... Kg8 {
[%clk 00:00:06]  [%emt 00:00:31]} 62. Rxg5 {[%clk 00:00:26]} 62... Kf8 {
[%clk 00:00:07]  [%emt 00:00:09]} 63. Rbg6 {[%clk 00:00:26]} 63... h4 {
[%clk 00:00:08]} 64. Rxg7 {[%clk 00:00:28]} 64... Rxg7 {[%clk 00:00:10]} 65.
Rxg7 {[%clk 00:00:30]  [%emt 00:00:09]} 65... Rxa6 {[%clk 00:00:12]} 66. Rh7 {
[%clk 00:00:33]} 66... Re6+ {[%clk 00:00:13]} 67. Kd3 {[%clk 00:00:34]} 67...
Re1 {[%emt 00:00:08]} 68. Rxh4 {[%clk 00:00:33]} 68... Kf7 {
[%clk 00:00:12]  [%emt 00:00:04]} 69. b4 {[%clk 00:00:35]} 69... Rb1 {
[%clk 00:00:14]  [%emt 00:00:03]} 70. Rh7+ {[%clk 00:00:36]} 70... Ke6 {
[%clk 00:00:17]} 71. Rh6+ {[%clk 00:00:37]  [%emt 00:00:03]} 71... Kf5 {
[%clk 00:00:18]} 72. Rf6+ {[%clk 00:00:39]  [%emt 00:00:07]} 72... Kg5 {
[%clk 00:00:20]} 73. Kc4 {[%clk 00:00:41]} 73... Rb2 {
[%clk 00:00:18]  [%emt 00:00:06]} 74. b5 {[%clk 00:00:43]} 74... Rb1 {
[%clk 00:00:17]  [%emt 00:00:04]} 75. b6 {[%clk 00:00:45]} 75... Rb2 {
[%clk 00:00:18]} 76. Rf7 {[%clk 00:00:47]  [%emt 00:00:03]} 76... Kg6 {
[%clk 00:00:20]} 77. Rf6+ {[%clk 00:00:47]  [%emt 00:00:04]} 77... Kg5 {
[%clk 00:00:22]} 78. f4+ {[%clk 00:00:49]} 78... Kg4 {
[%clk 00:00:23]  [%emt 00:00:07]} 79. Kc5 {[%clk 00:00:50]} 1-0

[Event "II Open Internacional Blitz Quart de Pob"]
[Site "Quart de Poblet, Spain"]
[Date "2019.08.10"]
[Round "5.6"]
[White "Ordonez Carrasco, Jorge"]
[Black "Buenafe Moya, Javier"]
[Result "0-1"]
[WhiteElo "1559"]
[BlackElo "2117"]
[PlyCount "92"]
[EventDate "2019.??.??"]

1. e4 {[%clk 00:07:04]  [%emt 00:00:20]} 1... e5 {[%clk 00:07:03]} 2. Nf3 {
[%clk 00:07:06]} 2... Nc6 {[%clk 00:07:04]} 3. Bb5 {[%clk 00:07:07]} 3... Nf6 {
[%clk 00:07:03]  [%emt 00:00:12]} 4. d3 {[%clk 00:07:08]} 4... Bc5 {
[%clk 00:06:56]} 5. O-O {[%clk 00:07:05]} 5... d6 {
[%clk 00:06:29]  [%emt 00:00:31]} 6. c3 {[%clk 00:06:45]  [%emt 00:00:27]} 6...
Bg4 {[%clk 00:06:24]  [%emt 00:00:06]} 7. h3 {[%clk 00:06:47]  [%emt 00:00:03]}
7... Bd7 {[%clk 00:05:30]  [%emt 00:00:56]} 8. Nbd2 {
[%clk 00:06:41]  [%emt 00:00:11]} 8... O-O {[%clk 00:05:22]  [%emt 00:00:10]}
9. Re1 {[%clk 00:06:25]  [%emt 00:00:14]} 9... a6 {
[%clk 00:05:17]  [%emt 00:00:17]} 10. Ba4 {[%clk 00:06:25]} 10... b5 {
[%clk 00:05:18]} 11. Bc2 {[%clk 00:06:19]  [%emt 00:00:08]} 11... h6 {
[%clk 00:04:44]  [%emt 00:00:35]} 12. Nf1 {[%clk 00:05:59]  [%emt 00:00:23]}
12... Re8 {[%clk 00:04:27]  [%emt 00:00:46]} 13. Ng3 {
[%clk 00:05:41]  [%emt 00:00:04]} 13... Ba7 {[%clk 00:03:54]  [%emt 00:00:27]}
14. a4 {[%clk 00:05:35]  [%emt 00:00:39]} 14... Ne7 {[%clk 00:03:36]} 15. axb5
{[%clk 00:05:12]  [%emt 00:00:23]} 15... axb5 {[%clk 00:03:36]} 16. Be3 {
[%clk 00:04:52]  [%emt 00:00:21]} 16... Bxe3 {[%clk 00:03:36]  [%emt 00:00:04]}
17. fxe3 {[%clk 00:04:46]  [%emt 00:00:10]} 17... Ng6 {
[%clk 00:03:27]  [%emt 00:00:12]} 18. Rxa8 {[%clk 00:04:25]  [%emt 00:00:41]}
18... Qxa8 {[%clk 00:03:29]} 19. Nf5 {[%clk 00:04:19]} 19... Qa2 {
[%clk 00:01:58]  [%emt 00:01:48]} 20. Qb1 {[%clk 00:03:57]  [%emt 00:00:05]}
20... Ra8 {[%clk 00:01:32]  [%emt 00:00:28]} 21. Nd2 {
[%clk 00:03:17]  [%emt 00:00:44]} 21... Be6 {[%clk 00:01:08]  [%emt 00:00:24]}
22. d4 {[%clk 00:02:56]  [%emt 00:00:40]} 22... Qxb1 {
[%clk 00:00:19]  [%emt 00:00:34]} 23. Bxb1 {[%clk 00:02:46]  [%emt 00:00:14]}
23... Kf8 {[%clk 00:00:21]  [%emt 00:00:05]} 24. g4 {
[%clk 00:02:28]  [%emt 00:00:18]} 24... Nd7 {[%clk 00:00:07]  [%emt 00:00:18]}
25. Bd3 {[%clk 00:02:03]  [%emt 00:00:24]} 25... Ra2 {
[%clk 00:00:04]  [%emt 00:00:41]} 26. Rb1 {[%clk 00:02:00]} 26... b4 {
[%clk 00:00:06]} 27. cxb4 {[%clk 00:01:50]  [%emt 00:00:05]} 27... Nb6 {
[%clk 00:00:07]} 28. d5 {[%clk 00:01:43]} 28... Bd7 {[%clk 00:00:08]} 29. Bc4 {
[%clk 00:01:28]  [%emt 00:00:16]} 29... Ra4 {[%clk 00:00:07]  [%emt 00:00:03]}
30. Rc1 {[%clk 00:01:09]  [%emt 00:00:46]} 30... Rxb4 {[%clk 00:00:07]} 31. Bb3
{[%clk 00:01:10]} 31... Na8 {[%clk 00:00:04]} 32. Kf2 {
[%clk 00:00:57]  [%emt 00:00:07]} 32... Ne7 {[%clk 00:00:06]  [%emt 00:00:10]}
33. Ng3 {[%clk 00:00:55]} 33... g6 {[%clk 00:00:07]} 34. Ne2 {[%clk 00:00:54]}
34... Ke8 {[%clk 00:00:07]  [%emt 00:00:04]} 35. Nc3 {
[%clk 00:00:50]  [%emt 00:00:11]} 35... Rb7 {[%clk 00:00:07]  [%emt 00:00:15]}
36. Ke2 {[%clk 00:00:46]} 36... Nb6 {[%clk 00:00:09]  [%emt 00:00:03]} 37. Kd3
{[%clk 00:00:45]} 37... h5 {[%clk 00:00:07]} 38. gxh5 {
[%clk 00:00:42]  [%emt 00:00:04]} 38... gxh5 {[%clk 00:00:09]} 39. h4 {
[%clk 00:00:39]  [%emt 00:00:04]} 39... Ng6 {[%clk 00:00:11]  [%emt 00:00:08]}
40. Rh1 {[%clk 00:00:33]  [%emt 00:00:14]} 40... Ke7 {[%clk 00:00:12]} 41. Bd1
{[%clk 00:00:27]} 41... Bg4 {[%clk 00:00:07]  [%emt 00:00:08]} 42. Bxg4 {
[%clk 00:00:22]  [%emt 00:00:05]} 42... hxg4 {[%clk 00:00:08]  [%emt 00:00:10]}
43. h5 {[%clk 00:00:22]} 43... Nf8 {[%clk 00:00:09]} 44. Rg1 {[%clk 00:00:24]}
44... Nbd7 {[%clk 00:00:09]  [%emt 00:00:03]} 45. Kc2 {
[%clk 00:00:17]  [%emt 00:00:08]} 45... Nf6 {[%clk 00:00:10]  [%emt 00:00:12]}
46. Nc4 {[%clk 00:00:10]  [%emt 00:00:14]} 46... Rb4 {[%clk 00:00:10]} 0-1

[Event "II Open Internacional Blitz Quart de Pob"]
[Site "Quart de Poblet, Spain"]
[Date "2019.08.10"]
[Round "5.7"]
[White "Deruelle Sala, Albert"]
[Black "Martin Ayala, David"]
[Result "1-0"]
[WhiteElo "2105"]
[BlackElo "2058"]
[PlyCount "109"]
[EventDate "2019.??.??"]

1. Nf3 {[%clk 00:07:05]  [%emt 00:00:03]} 1... Nf6 {
[%clk 00:07:01]  [%emt 00:00:04]} 2. b3 {[%clk 00:07:06]  [%emt 00:00:04]} 2...
g6 {[%clk 00:07:02]} 3. Bb2 {[%clk 00:07:09]} 3... Bg7 {[%clk 00:07:04]} 4. e3
{[%clk 00:07:09]  [%emt 00:00:04]} 4... O-O {[%clk 00:07:05]  [%emt 00:00:03]}
5. Be2 {[%clk 00:07:10]} 5... d6 {[%clk 00:07:03]  [%emt 00:00:08]} 6. d4 {
[%clk 00:07:09]} 6... Nbd7 {[%clk 00:06:58]  [%emt 00:00:10]} 7. O-O {
[%clk 00:07:10]  [%emt 00:00:03]} 7... b6 {[%clk 00:06:52]  [%emt 00:00:04]} 8.
c4 {[%clk 00:07:11]  [%emt 00:00:05]} 8... Bb7 {
[%clk 00:06:45]  [%emt 00:00:09]} 9. Nc3 {[%clk 00:07:12]  [%emt 00:00:04]}
9... e5 {[%clk 00:06:29]  [%emt 00:00:29]} 10. dxe5 {
[%clk 00:07:00]  [%emt 00:00:05]} 10... Nxe5 {[%clk 00:06:29]  [%emt 00:00:03]}
11. Nxe5 {[%clk 00:07:01]  [%emt 00:00:04]} 11... dxe5 {[%clk 00:06:31]} 12.
Qc2 {[%clk 00:07:02]} 12... Qe7 {[%clk 00:06:26]  [%emt 00:00:15]} 13. Rad1 {
[%clk 00:07:03]} 13... Rfd8 {[%clk 00:06:22]  [%emt 00:00:07]} 14. Qc1 {
[%clk 00:06:29]  [%emt 00:00:29]} 14... a6 {[%clk 00:05:48]  [%emt 00:00:36]}
15. Ba3 {[%clk 00:06:31]  [%emt 00:00:07]} 15... Qe6 {
[%clk 00:05:37]  [%emt 00:00:22]} 16. h3 {[%clk 00:05:55]  [%emt 00:00:26]}
16... Bh6 {[%clk 00:05:09]  [%emt 00:00:41]} 17. Rxd8+ {
[%clk 00:05:43]  [%emt 00:00:25]} 17... Rxd8 {[%clk 00:05:11]} 18. Rd1 {
[%clk 00:05:45]} 18... Rxd1+ {[%clk 00:04:43]  [%emt 00:00:13]} 19. Qxd1 {
[%clk 00:05:47]  [%emt 00:00:10]} 19... Qd7 {[%clk 00:04:45]} 20. Qxd7 {
[%clk 00:05:19]  [%emt 00:00:24]} 20... Nxd7 {[%clk 00:04:47]  [%emt 00:00:39]}
21. Nd5 {[%clk 00:05:21]} 21... c6 {[%clk 00:04:09]  [%emt 00:00:11]} 22. Nc7 {
[%clk 00:05:02]  [%emt 00:00:18]} 22... f5 {[%clk 00:03:35]  [%emt 00:00:38]}
23. c5 {[%clk 00:04:46]  [%emt 00:00:15]} 23... b5 {
[%clk 00:03:30]  [%emt 00:00:34]} 24. Bb4 {[%clk 00:04:10]  [%emt 00:00:20]}
24... Kf7 {[%clk 00:03:25]  [%emt 00:00:12]} 25. e4 {
[%clk 00:03:46]  [%emt 00:00:17]} 25... f4 {[%clk 00:03:04]  [%emt 00:00:55]}
26. Bg4 {[%clk 00:03:47]} 26... Nf6 {[%clk 00:02:55]} 27. Be6+ {
[%clk 00:02:42]  [%emt 00:01:15]} 27... Ke7 {[%clk 00:02:49]  [%emt 00:00:03]}
28. f3 {[%clk 00:02:41]} 28... Bf8 {[%clk 00:02:23]  [%emt 00:00:15]} 29. Ba5 {
[%clk 00:02:19]  [%emt 00:00:26]} 29... Nd7 {[%clk 00:01:59]  [%emt 00:00:25]}
30. b4 {[%clk 00:02:14]  [%emt 00:00:13]} 30... Bc8 {
[%clk 00:01:41]  [%emt 00:00:16]} 31. Bb3 {[%clk 00:02:06]  [%emt 00:00:34]}
31... Nf6 {[%clk 00:01:24]  [%emt 00:00:03]} 32. Kf2 {
[%clk 00:02:00]  [%emt 00:00:10]} 32... h5 {[%clk 00:01:25]} 33. h4 {
[%clk 00:01:48]  [%emt 00:00:17]} 33... Nh7 {[%clk 00:01:03]  [%emt 00:00:30]}
34. a4 {[%clk 00:01:27]  [%emt 00:00:15]} 34... g5 {
[%clk 00:00:51]  [%emt 00:00:11]} 35. hxg5 {[%clk 00:01:29]  [%emt 00:00:35]}
35... Nxg5 {[%clk 00:00:51]} 36. axb5 {[%clk 00:01:25]} 36... axb5 {
[%clk 00:00:53]} 37. Nd5+ {[%clk 00:00:57]} 37... cxd5 {
[%clk 00:00:52]  [%emt 00:00:42]} 38. exd5 {[%clk 00:00:59]} 38... Bf5 {
[%clk 00:00:48]  [%emt 00:00:03]} 39. Bc7 {[%clk 00:00:57]} 39... Kd7 {
[%clk 00:00:46]} 40. Bxe5 {[%clk 00:00:57]} 40... Nf7 {
[%clk 00:00:32]  [%emt 00:00:05]} 41. Bxf4 {[%emt 00:00:09]} 41... Bg7 42. c6+
{[%clk 00:01:00]} 42... Kc8 {[%clk 00:00:35]} 43. d6 {[%clk 00:01:02]} 43...
Bd4+ {[%clk 00:00:35]  [%emt 00:00:13]} 44. Kg3 {[%clk 00:00:55]} 44... Ne5 {
[%clk 00:00:31]  [%emt 00:00:08]} 45. Bd5 {[%clk 00:00:44]  [%emt 00:00:11]}
45... Nd3 {[%clk 00:00:26]  [%emt 00:00:22]} 46. Be4 {
[%clk 00:00:29]  [%emt 00:00:08]} 46... Bf2+ {[%clk 00:00:28]} 47. Kh2 {
[%clk 00:00:29]  [%emt 00:00:08]} 47... Bxe4 {[%clk 00:00:27]} 48. d7+ {
[%clk 00:00:31]} 48... Kd8 {[%clk 00:00:20]  [%emt 00:00:10]} 49. Bg5+ {
[%clk 00:00:33]} 49... Kc7 {[%clk 00:00:22]  [%emt 00:00:03]} 50. d8=Q+ {
[%clk 00:00:34]  [%emt 00:00:04]} 50... Kxc6 {[%clk 00:00:24]} 51. fxe4 {
[%clk 00:00:30]  [%emt 00:00:06]} 51... Ne5 {[%clk 00:00:21]  [%emt 00:00:14]}
52. Qd5+ {[%clk 00:00:31]} 52... Kb6 {[%clk 00:00:22]} 53. Qxe5 {
[%clk 00:00:33]} 53... h4 {[%clk 00:00:23]} 54. Qf6+ {
[%clk 00:00:33]  [%emt 00:00:04]} 54... Ka7 {[%clk 00:00:25]} 55. Qxf2+ {
[%clk 00:00:35]} 1-0

[Event "II Open Internacional Blitz Quart de Pob"]
[Site "Quart de Poblet, Spain"]
[Date "2019.08.10"]
[Round "5.8"]
[White "Chernikov, Vladimir"]
[Black "Rios Garcia, Miguel"]
[Result "1-0"]
[WhiteElo "2052"]
[BlackElo "1788"]
[PlyCount "53"]
[EventDate "2019.??.??"]

1. c4 {[%clk 00:07:06]  [%emt 00:00:18]} 1... c5 {[%clk 00:07:01]} 2. g3 {
[%clk 00:07:08]} 2... g6 3. Bg2 Bg7 {[%clk 00:07:05]} 4. e3 {[%clk 00:07:13]}
4... e6 {[%clk 00:07:02]  [%emt 00:00:03]} 5. Ne2 {[%clk 00:07:15]} 5... Ne7 {
[%clk 00:07:04]} 6. Nbc3 {[%clk 00:07:16]  [%emt 00:00:04]} 6... Nbc6 {
[%clk 00:07:07]} 7. d4 {[%clk 00:07:18]} 7... cxd4 {
[%clk 00:07:05]  [%emt 00:00:09]} 8. exd4 {[%clk 00:07:20]} 8... d5 {
[%clk 00:06:42]  [%emt 00:00:19]} 9. cxd5 {[%clk 00:07:22]  [%emt 00:00:10]}
9... Nxd5 {[%clk 00:06:36]  [%emt 00:00:10]} 10. Nxd5 {
[%clk 00:07:19]  [%emt 00:00:15]} 10... exd5 {[%clk 00:06:37]} 11. Be3 {
[%clk 00:07:15]  [%emt 00:00:04]} 11... O-O {[%clk 00:06:28]  [%emt 00:00:08]}
12. O-O {[%clk 00:07:17]} 12... Bg4 {[%clk 00:06:21]  [%emt 00:00:07]} 13. h3 {
[%clk 00:06:37]  [%emt 00:00:37]} 13... Bxe2 {[%clk 00:06:12]  [%emt 00:00:44]}
14. Qxe2 {[%clk 00:06:39]} 14... Nxd4 {[%clk 00:05:31]  [%emt 00:00:16]} 15.
Qd3 {[%clk 00:05:53]  [%emt 00:00:50]} 15... Nf5 {
[%clk 00:05:30]  [%emt 00:00:03]} 16. Bc5 {[%clk 00:05:50]  [%emt 00:00:05]}
16... Re8 {[%clk 00:05:17]  [%emt 00:00:14]} 17. Bxd5 {
[%clk 00:05:17]  [%emt 00:00:36]} 17... Rc8 {[%clk 00:02:57]  [%emt 00:02:24]}
18. Ba3 {[%clk 00:05:19]  [%emt 00:00:28]} 18... Ne7 {
[%clk 00:01:44]  [%emt 00:00:49]} 19. Bc4 {[%clk 00:05:09]  [%emt 00:00:13]}
19... Qxd3 {[%clk 00:01:38]  [%emt 00:00:39]} 20. Bxd3 {[%clk 00:05:11]} 20...
Nc6 {[%clk 00:01:40]} 21. Rfe1 {[%clk 00:04:59]  [%emt 00:00:03]} 21... Nd4 {
[%clk 00:01:24]  [%emt 00:00:05]} 22. Kg2 {[%clk 00:05:00]  [%emt 00:00:04]}
22... Rxe1 {[%clk 00:01:08]  [%emt 00:00:36]} 23. Rxe1 {[%clk 00:05:01]} 23...
Ne6 {[%clk 00:00:49]  [%emt 00:00:07]} 24. h4 {[%clk 00:04:57]  [%emt 00:00:11]
} 24... a6 {[%clk 00:00:51]} 25. Be4 {[%clk 00:04:40]  [%emt 00:00:21]} 25...
Rc7 {[%clk 00:00:38]  [%emt 00:00:13]} 26. Bd5 {
[%clk 00:04:31]  [%emt 00:00:15]} 26... Nd4 {[%clk 00:00:32]  [%emt 00:00:11]}
27. Re8+ {[%clk 00:04:31]} 1-0